| 000 | 01190nam a22002537a 4500 | ||
|---|---|---|---|
| 005 | 20170124103127.0 | ||
| 010 | _aA-952025 | ||
| 020 | _c110.00 | ||
| 035 | _aA-952025 | ||
| 037 | _bCen Lib/Ret | ||
| 040 |
_aDPL _bHN |
||
| 082 |
_a306.7 _bमहाप्र |
||
| 100 |
_aमहाप्रज्ञ, आचार्य _983335 |
||
| 245 |
_aमुक्त भोग की समस्या और ब्रह्मचर्य / _cआचार्य महाप्रज्ञ |
||
| 246 |
_aMukt bhog ki samasya aur brahmachary / _bby Acharya Mahapragy |
||
| 260 |
_bआदर्श साहित्य संघ _aराजस्थान _c1999 |
||
| 270 |
_bराजस्थान _aचुरू |
||
| 300 |
_a160पृ. _c20सेमी(सजिल्द) |
||
| 650 |
_aब्रह्मचर्य का शरीर शास्त्रीय अध्य्यन _983336 |
||
| 650 |
_aब्रह्मचर्य -- सृजनात्मक शक्ति _91806 |
||
| 650 |
_aBody classic study of Brahmacharya _983337 |
||
| 650 |
_aBrahmacharya - the creative force _983338 |
||
| 942 |
_2ddc _cHN _h306.7 _mमहाप्र |
||
| 999 |
_c119098 _d119098 |
||